00615nam a2200169Ia 4500008004100000020002200041082001400063100001900077245005800096250000800154260005500162300001100217600002100228942000700249952017200256999001700428250916s9999 xx 000 0 und d a978-1-032-79727-4 a005.8 MET aMetcalf, David 0aABC: AI, blockchain, and cybersecurity for healthcare a1st aNew York:bRoutledge Taylor & Francis Group,c2024 a293 p. aComputer Science cBK 001040708CSaUITUbUITUd2025-07-31eProgressive International Agencies (Pvt) Limitedg13902.97l0o005.8 METpQ15979r2025-09-16 13:12:09v17378.71w2025-09-16yBK c31604d31604